[Event "FIDE Open World Blitz 2021"]
[Site "Warsaw"]
[Date "2021.12.30"]
[Round "19.10"]
[White "Postny, Evgeny"]
[Black "Vastrukhin, Oleg"]
[Result "0-1"]
[WhiteElo "2557"]
[BlackElo "2588"]
[Annotator "ChessBase"]
[PlyCount "93"]
[EventDate "2021.12.29"]
[EventType "swiss"]
[EventCountry "POL"]
[Tiebreak "Cut1 Buchholz"]
[SourceTitle "playchess.com"]
[Source "ChessBase"]
[SourceQuality "1"]

1. d4 g6 2. c4 Bg7 3. e4 Nc6 4. d5 Nd4 5. Ne2 e5 6. Nxd4 exd4 7. Bd3 d6 8. O-O
Nf6 9. h3 O-O 10. Nd2 Nd7 11. Nf3 c5 12. Bf4 Ne5 13. Nxe5 dxe5 14. Bd2 Qd6 15.
a3 Bd7 16. b4 b6 17. Rb1 f5 18. f3 h5 19. Bc2 Kh7 20. Ba4 fxe4 21. Bxd7 Qxd7
22. fxe4 Rxf1+ 23. Qxf1 Rf8 24. Qd3 Qa4 25. bxc5 bxc5 26. Qb3 Qa6 27. Rf1 Rxf1+
28. Kxf1 Bh6 29. Bxh6 Kxh6 30. a4 Qa5 31. Qb8 Qxa4 32. Qh8+ Kg5 33. Qxe5+ Kh6
34. Qf4+ Kh7 35. d6 Qxc4+ 36. Kg1 d3 37. Qe3 Qc3 38. e5 Qa1+ 39. Kh2 d2 40.
Qxd2 Qxe5+ 41. Kg1 Qa1+ 42. Kh2 Qe5+ 43. Kg1 Qa1+ 44. Kf2 Qf6+ 45. Kg3 c4 46.
d7 c3 47. Qd5 0-1

[Event "FIDE Open World Blitz 2021"]
[Site "Warsaw"]
[Date "2021.12.30"]
[Round "19.11"]
[White "Kobalia, Mikhail"]
[Black "Nihal Sarin"]
[Result "1/2-1/2"]
[WhiteElo "2600"]
[BlackElo "2650"]
[Annotator "ChessBase"]
[PlyCount "33"]
[EventDate "2021.12.29"]
[EventType "swiss"]
[EventCountry "POL"]
[Tiebreak "Cut1 Buchholz"]
[SourceTitle "playchess.com"]
[Source "ChessBase"]
[SourceQuality "1"]

1. e4 e5 2. Nf3 Nc6 3. Bb5 a6 4. Ba4 Nf6 5. O-O Be7 6. d3 b5 7. Bb3 d6 8. a3
O-O 9. Nc3 Na5 10. Ba2 Be6 11. b4 Bxa2 12. Rxa2 Nc6 13. Bg5 Ng4 14. Bd2 Nf6 15.
Bg5 Ng4 16. Bd2 Nf6 17. Bg5 1/2-1/2

[Event "FIDE Open World Blitz 2021"]
[Site "Warsaw"]
[Date "2021.12.30"]
[Round "19.11"]
[White "Alonso Rosell, Alvar"]
[Black "Yuffa, Daniil"]
[Result "1-0"]
[WhiteElo "2580"]
[BlackElo "2567"]
[Annotator "ChessBase"]
[PlyCount "139"]
[EventDate "2021.12.29"]
[EventType "swiss"]
[EventCountry "POL"]
[Tiebreak "Cut1 Buchholz"]
[SourceTitle "playchess.com"]
[Source "ChessBase"]
[SourceQuality "1"]

1. d4 Nf6 2. Bf4 c5 3. d5 d6 4. Nc3 g6 5. e4 Bg7 6. Bb5+ Bd7 7. a4 Na6 8. Nf3
Nc7 9. Bc4 O-O 10. O-O Bg4 11. h3 Bxf3 12. Qxf3 Nd7 13. Qe3 a6 14. a5 Rb8 15.
Be2 b5 16. axb6 Rxb6 17. Ra2 Qb8 18. Qc1 Nb5 19. Nxb5 axb5 20. Bh6 c4 21. Bxg7
Kxg7 22. Qe3 Qc7 23. Rfa1 Qc5 24. Qc3+ Nf6 25. Ra7 Re8 26. Bf3 b4 27. Qe1 c3
28. bxc3 Qxc3 29. Qxc3 bxc3 30. Rc7 Rb4 31. Re1 Reb8 32. e5 Rb1 33. exf6+ Kxf6
34. Rxb1 Rxb1+ 35. Kh2 Rf1 36. Kg3 h5 37. h4 Rc1 38. Rxc3 Ke5 39. Re3+ Kf6 40.
Be4 Rd1 41. Bd3 Ra1 42. Kf3 Ra4 43. Re4 Ra5 44. Rf4+ Kg7 45. Ke4 Ra4+ 46. c4
Ra3 47. Kd4 Ra5 48. Re4 Kf6 49. Re2 Ra3 50. g3 Ra5 51. f3 Ra1 52. g4 hxg4 53.
fxg4 Ra7 54. Rf2+ Kg7 55. h5 Rb7 56. Rh2 Ra7 57. hxg6 fxg6 58. g5 Ra1 59. Re2
Kf7 60. Re6 Rg1 61. Rxg6 Rg3 62. Bf5 Rf3 63. Ke4 Rf1 64. Rh6 Re1+ 65. Kd4 Re5
66. Rh7+ Kf8 67. Be6 Rxg5 68. Rh8+ Kg7 69. Rg8+ Kf6 70. Rxg5 1-0

[Event "FIDE Open World Blitz 2021"]
[Site "Warsaw"]
[Date "2021.12.30"]
[Round "19.12"]
[White "Cheparinov, Ivan"]
[Black "Sarana, Alexey"]
[Result "0-1"]
[WhiteElo "2594"]
[BlackElo "2656"]
[Annotator "ChessBase"]
[PlyCount "126"]
[EventDate "2021.12.29"]
[EventType "swiss"]
[EventCountry "POL"]
[Tiebreak "Cut1 Buchholz"]
[SourceTitle "playchess.com"]
[Source "ChessBase"]
[SourceQuality "1"]

1. d4 Nf6 2. c4 e6 3. Nf3 d5 4. g3 c6 5. Bg2 dxc4 6. Ne5 Bb4+ 7. Nc3 Nd5 8. Bd2
Nb6 9. Nf3 O-O 10. Qc2 Be7 11. O-O Na6 12. Rad1 Nb4 13. Qb1 N6d5 14. Ne4 f5 15.
Nc3 b5 16. Ne5 Bb7 17. a3 Nxc3 18. bxc3 Nd5 19. Nxc4 Rb8 20. Ne5 Bxa3 21. e4
fxe4 22. Bxe4 Nf6 23. Bxc6 Bd6 24. Qxb5 Qc8 25. Bxb7 Rxb7 26. Qa6 Bxe5 27. dxe5
Ne4 28. Be3 Nxc3 29. Rc1 Rc7 30. Qxc8 Rfxc8 31. Ra1 Ra8 32. Ra6 Kf7 33. Rfa1
Nb5 34. Kg2 h5 35. R1a5 Rb7 36. Rb6 axb6 37. Rxa8 Nc7 38. Ra1 Nd5 39. Bd4 b5
40. Kf3 b4 41. Ke4 b3 42. Rb1 Rb4 43. Kd3 Kg6 44. Bc3 Rb7 45. Bd4 Kf5 46. f3 g5
47. Rb2 g4 48. fxg4+ Kxg4 49. Rf2 Rb4 50. Rb2 Rb8 51. Rf2 Kh3 52. Rb2 Rb4 53.
Rf2 Ne7 54. Rb2 Nf5 55. Bc3 Rb7 56. Rf2 Rc7 57. Rb2 Rd7+ 58. Ke4 Rb7 59. Rd2
Rc7 60. Rd3 Rc4+ 61. Kf3 Rxc3 62. Rxc3 b2 63. Rb3 Nd4+ 0-1

[Event "FIDE Open World Blitz 2021"]
[Site "Warsaw"]
[Date "2021.12.30"]
[Round "19.12"]
[White "Mikhalevski, Victor"]
[Black "Nasuta, Grzegorz"]
[Result "1-0"]
[WhiteElo "2577"]
[BlackElo "2377"]
[Annotator "ChessBase"]
[PlyCount "57"]
[EventDate "2021.12.29"]
[EventType "swiss"]
[EventCountry "POL"]
[Tiebreak "Cut1 Buchholz"]
[SourceTitle "playchess.com"]
[Source "ChessBase"]
[SourceQuality "1"]

1. Nf3 d5 2. g3 Nf6 3. Bg2 c5 4. O-O e6 5. c4 d4 6. e3 Nc6 7. Re1 Bd6 8. exd4
cxd4 9. d3 O-O 10. Na3 e5 11. Nc2 a5 12. Bg5 h6 13. Bxf6 Qxf6 14. Nd2 Qd8 15.
b3 f5 16. a3 Qf6 17. Rb1 e4 18. dxe4 f4 19. e5 Bxe5 20. Bd5+ Kh8 21. Ne4 Qg6
22. Qd3 Qh5 23. b4 axb4 24. Nxb4 Nxb4 25. Rxb4 f3 26. Nd2 Bg4 27. Rb5 Bd6 28.
Bxf3 Qh3 29. Bg2 1-0

[Event "FIDE Open World Blitz 2021"]
[Site "Warsaw"]
[Date "2021.12.30"]
[Round "19.13"]
[White "Onyshchuk, Volodymyr"]
[Black "Kravtsiv, Martyn"]
[Result "0-1"]
[WhiteElo "2622"]
[BlackElo "2616"]
[Annotator "ChessBase"]
[PlyCount "84"]
[EventDate "2021.12.29"]
[EventType "swiss"]
[EventCountry "POL"]
[Tiebreak "Cut1 Buchholz"]
[SourceTitle "playchess.com"]
[Source "ChessBase"]
[SourceQuality "1"]

1. Nf3 d5 2. g3 c5 3. Bg2 Nf6 4. O-O Nc6 5. d3 e5 6. Nbd2 Bd6 7. e4 d4 8. Nh4
O-O 9. h3 Bc7 10. a4 Be6 11. Ndf3 h6 12. g4 Nh7 13. b3 Ne7 14. Nf5 Ng6 15. Re1
Rc8 16. h4 Qd7 17. Bd2 Kh8 18. Bh3 Nf4 19. Bxf4 exf4 20. Qd2 h5 21. Nh2 g6 22.
Nh6 Kg7 23. Nf5+ Kh8 24. Nh6 Qd8 25. Nf3 Kg7 26. Nf5+ Kh8 27. Nh6 Kg7 28. Nf5+
Kh8 29. Nh6 Qd7 30. Nh2 f6 31. Qe2 Qg7 32. Kh1 Qxh6 33. g5 fxg5 34. Bxe6 Rce8
35. Bd7 Re7 36. Bh3 g4 37. Bxg4 hxg4 38. Qxg4 f3 39. e5 Rf4 40. Qg3 Qxh4 41.
Qxh4 Rxh4 42. Kg1 Ng5 0-1

[Event "FIDE Open World Blitz 2021"]
[Site "Warsaw"]
[Date "2021.12.30"]
[Round "19.13"]
[White "Klimkowski, Jan"]
[Black "Halkias, Stelios"]
[Result "1/2-1/2"]
[WhiteElo "2015"]
[BlackElo "2575"]
[Annotator "ChessBase"]
[PlyCount "187"]
[EventDate "2021.12.29"]
[EventType "swiss"]
[EventCountry "POL"]
[Tiebreak "Cut1 Buchholz"]
[SourceTitle "playchess.com"]
[Source "ChessBase"]
[SourceQuality "1"]

1. e4 c5 2. Nf3 Nc6 3. d4 cxd4 4. Nxd4 e5 5. Nb5 d6 6. N5c3 Be6 7. Nd5 Nf6 8.
Nbc3 Be7 9. Bc4 O-O 10. O-O Rc8 11. Be3 Ng4 12. Bb3 Nxe3 13. fxe3 Bg5 14. Qd3
Kh8 15. Kh1 a6 16. a4 g6 17. Rad1 Kg7 18. Rf2 h5 19. Rdf1 h4 20. h3 Rb8 21. Nf6
Bxb3 22. cxb3 Bxf6 23. Rxf6 Qxf6 24. Rxf6 Kxf6 25. Qxd6+ Kg7 26. b4 Rbd8 27.
Qc5 Rfe8 28. Nd5 Rd7 29. b5 axb5 30. axb5 Ne7 31. Nb6 Rd1+ 32. Kh2 Ng8 33. Nd5
Nf6 34. Nxf6 Kxf6 35. Qb6+ Re6 36. Qxb7 Rd2 37. Qb8 Rxb2 38. Qd8+ Kg7 39. Qxh4
Rxb5 40. Qg5 Rc5 41. h4 Rc4 42. Qg4 f5 43. Qg5 Rxe4 44. h5 Rg4 45. h6+ Kh7 46.
Qd8 Kxh6 47. Qh8+ Kg5 48. Qd8+ Kh6 49. Qh8+ Kg5 50. Qd8+ Rf6 51. Kg1 Re4 52.
Kf2 f4 53. exf4+ Rexf4+ 54. Kg1 Kg4 55. Qd7+ Kg5 56. Qd5 R6f5 57. Qd8+ Rf6 58.
Qd5 R4f5 59. Qd2+ Kh5 60. Kh2 Rf4 61. Kh3 g5 62. Qd8 Kg6 63. Qe8+ Kf5 64. Qd7+
Ke4 65. Qb7+ Ke3 66. Qb3+ Kd4 67. Qb4+ Kd5 68. Qb5+ Kd6 69. Qb6+ Ke7 70. Qc7+
Ke6 71. Qc6+ Kf7 72. Qc7+ Ke6 73. Qc6+ Kf5 74. Qc8+ Kg6 75. Qg8+ Kh6 76. Qh8+
Kg6 77. Qg8+ Kf5 78. Qc8+ Ke4 79. Qc4+ Ke3 80. Qc3+ Ke4 81. Qc4+ Kf5 82. g4+
Kg6 83. Qg8+ Kh6 84. Qh8+ Kg6 85. Qh5+ Kg7 86. Qxg5+ Kh7 87. Qxe5 Rf1 88. Qe7+
Kg6 89. Qe8+ Kg7 90. Qe5 Kg6 91. Qe4+ Kg7 92. Qe7+ Kg6 93. Qe8+ Kg7 94. Qe7+
1/2-1/2

[Event "FIDE Open World Blitz 2021"]
[Site "Warsaw"]
[Date "2021.12.30"]
[Round "19.14"]
[White "Adly, Ahmed"]
[Black "Sargsyan, Shant"]
[Result "1/2-1/2"]
[WhiteElo "2602"]
[BlackElo "2628"]
[Annotator "ChessBase"]
[PlyCount "133"]
[EventDate "2021.12.29"]
[EventType "swiss"]
[EventCountry "POL"]
[Tiebreak "Cut1 Buchholz"]
[SourceTitle "playchess.com"]
[Source "ChessBase"]
[SourceQuality "1"]

1. Nf3 d5 2. g3 g6 3. Bg2 Bg7 4. d4 Nf6 5. c4 c6 6. O-O O-O 7. cxd5 cxd5 8. Nc3
Ne4 9. Ng5 Nf6 10. Nf3 Ne4 11. Nd2 Nf6 12. b3 Nc6 13. e3 Bg4 14. Bf3 Bxf3 15.
Nxf3 Rc8 16. Bd2 Qd7 17. Kg2 Ne4 18. Rc1 Qf5 19. Nxe4 dxe4 20. Ng1 Rfd8 21. Rc5
Qd7 22. Qc2 e5 23. d5 Ne7 24. Rxc8 Rxc8 25. Qxe4 f5 26. Qd3 Qxd5+ 27. Qxd5+
Nxd5 28. Rd1 Kf7 29. Be1 Ke6 30. Nf3 Bf6 31. Kf1 Rc2 32. Rd2 Rc1 33. h4 h6 34.
h5 g5 35. g4 fxg4 36. Nh2 g3 37. fxg3 Nxe3+ 38. Ke2 Nf5 39. Bf2 e4 40. Ng4 Bc3
41. Rd8 Rc2+ 42. Kf1 Rxa2 43. Re8+ Kd5 44. Rd8+ Ke6 45. Re8+ Kd7 46. Rxe4 b5
47. Ne5+ Bxe5 48. Rxe5 Nd6 49. Bc5 Kc6 50. Bxd6 Kxd6 51. Rxb5 Ke6 52. Rc5 g4
53. Rc6+ Kf5 54. Rxh6 Kg5 55. Rh7 Rb2 56. Rxa7 Rxb3 57. Ra5+ Kh6 58. Kf2 Rf3+
59. Kg2 Rb3 60. Rf5 Rb2+ 61. Kf1 Ra2 62. Kg1 Rb2 63. Ra5 Rc2 64. Kf1 Rb2 65.
Kg1 Rc2 66. Kf1 Rb2 67. Kg1 1/2-1/2

[Event "FIDE Open World Blitz 2021"]
[Site "Warsaw"]
[Date "2021.12.30"]
[Round "19.14"]
[White "Zilka, Stepan"]
[Black "Gabuzyan, Hovhannes"]
[Result "1/2-1/2"]
[WhiteElo "2593"]
[BlackElo "2580"]
[Annotator "ChessBase"]
[PlyCount "113"]
[EventDate "2021.12.29"]
[EventType "swiss"]
[EventCountry "POL"]
[Tiebreak "Cut1 Buchholz"]
[SourceTitle "playchess.com"]
[Source "ChessBase"]
[SourceQuality "1"]

1. e4 e6 2. d4 d5 3. Nc3 Bb4 4. e5 Bxc3+ 5. bxc3 b6 6. h4 Ba6 7. Bxa6 Nxa6 8.
h5 h6 9. Qg4 Kf8 10. Rh3 Ne7 11. Rf3 Nf5 12. Ne2 Qh4 13. Qxh4 Nxh4 14. Rh3 Nf5
15. g4 Ne7 16. a4 c5 17. a5 Nc6 18. axb6 axb6 19. Rb1 Rb8 20. Ba3 Kg8 21. dxc5
bxc5 22. Rxb8+ Naxb8 23. c4 Nxe5 24. cxd5 exd5 25. Bxc5 Nxg4 26. Rd3 Nf6 27.
Nf4 Nbd7 28. Bd4 Kh7 29. Bxf6 Nxf6 30. Nxd5 Nxh5 31. c4 Rc8 32. Rc3 Rc5 33. Kd2
g5 34. Ke3 Ng7 35. Kd4 Ne6+ 36. Ke5 Kg7 37. Kd6 h5 38. f4 Rc8 39. fxg5 Nxg5 40.
Kd7 Rc5 41. Rc2 h4 42. Kd6 Rc8 43. c5 Ne4+ 44. Ke5 Nxc5 45. Kf5 Rc6 46. Kg4
Rg6+ 47. Kxh4 Ne6 48. Kh3 Ng5+ 49. Kg4 Ne4+ 50. Kf4 Nd6 51. Ne3 Rf6+ 52. Ke5
Re6+ 53. Kf4 Re4+ 54. Kf3 Rd4 55. Rc6 Kf8 56. Rc5 f6 57. Rd5 1/2-1/2

[Event "FIDE Open World Blitz 2021"]
[Site "Warsaw"]
[Date "2021.12.30"]
[Round "19.15"]
[White "Maghsoodloo, Parham"]
[Black "Gukesh D"]
[Result "0-1"]
[WhiteElo "2706"]
[BlackElo "2621"]
[Annotator "ChessBase"]
[PlyCount "60"]
[EventDate "2021.12.29"]
[EventType "swiss"]
[EventCountry "POL"]
[Tiebreak "Cut1 Buchholz"]
[SourceTitle "playchess.com"]
[Source "ChessBase"]
[SourceQuality "1"]

1. d4 Nf6 2. c4 e6 3. Nc3 Bb4 4. e3 O-O 5. Bd2 d5 6. Nf3 b6 7. cxd5 exd5 8. Rc1
c5 9. a3 Ba5 10. b4 cxb4 11. Nb5 Na6 12. axb4 Bxb4 13. Qa4 Qe7 14. Bd3 Ne4 15.
Bxe4 dxe4 16. Ne5 Bxd2+ 17. Kxd2 Bb7 18. Rc3 Rfd8 19. Nc6 Bxc6 20. Rxc6 Nc5 21.
Qc4 h6 22. Ke2 Nd3 23. Rc7 Qf6 24. f3 Qg6 25. fxe4 Ne5 26. dxe5 Qxg2+ 27. Ke1
Qxh1+ 28. Ke2 Qd1+ 29. Kf2 Rd2+ 30. Kg3 Qg1+ 0-1

[Event "FIDE Open World Blitz 2021"]
[Site "Warsaw"]
[Date "2021.12.30"]
[Round "19.15"]
[White "Kanarek, Marcel"]
[Black "Narayanan.S.L"]
[Result "0-1"]
[WhiteElo "2342"]
[BlackElo "2570"]
[Annotator "ChessBase"]
[PlyCount "68"]
[EventDate "2021.12.29"]
[EventType "swiss"]
[EventCountry "POL"]
[Tiebreak "Cut1 Buchholz"]
[SourceTitle "playchess.com"]
[Source "ChessBase"]
[SourceQuality "1"]

1. e4 c5 2. Nf3 e6 3. d4 cxd4 4. Nxd4 Nf6 5. Nc3 Nc6 6. Ndb5 d6 7. Bf4 e5 8.
Bg5 a6 9. Na3 b5 10. Nd5 Be7 11. Bxf6 Bxf6 12. c3 Rb8 13. Nc2 Bg5 14. a4 bxa4
15. Ncb4 Nxb4 16. cxb4 Bd7 17. Bxa6 O-O 18. O-O Qe8 19. b3 axb3 20. Qxb3 Kh8
21. Bd3 f5 22. exf5 e4 23. Rfe1 Bxf5 24. f3 Bd2 25. Rxe4 Bxe4 26. Bxe4 Qe5 27.
Rd1 Bxb4 28. Qd3 Bc5+ 29. Kh1 Qh5 30. Ne7 Rbe8 31. Nd5 Re5 32. Ra1 Rfe8 33. Nc3
Qh4 34. Nd5 Rh5 0-1

[Event "FIDE Open World Blitz 2021"]
[Site "Warsaw"]
[Date "2021.12.30"]
[Round "19.16"]
[White "Gelfand, Boris"]
[Black "Murzin, Volodar"]
[Result "1/2-1/2"]
[WhiteElo "2674"]
[BlackElo "2519"]
[Annotator "ChessBase"]
[PlyCount "93"]
[EventDate "2021.12.29"]
[EventType "swiss"]
[EventCountry "POL"]
[Tiebreak "Cut1 Buchholz"]
[SourceTitle "playchess.com"]
[Source "ChessBase"]
[SourceQuality "1"]

1. d4 Nf6 2. Nf3 g6 3. c4 Bg7 4. Nc3 d6 5. e4 O-O 6. Be2 e5 7. O-O Nc6 8. d5
Ne7 9. b4 Nh5 10. c5 Nf4 11. a4 h6 12. Bc4 g5 13. a5 a6 14. Ba3 Neg6 15. b5
axb5 16. Nxb5 Rxa5 17. cxd6 cxd6 18. Bxd6 Rxa1 19. Qxa1 Re8 20. Nc7 Re7 21. Nb5
Re8 22. Rc1 Bg4 23. Nd2 Nh4 24. Bf1 Qf6 25. Qa3 Be2 26. Nc7 Rc8 27. Be7 Qb6 28.
Qc5 Qb2 29. Qc2 Qxc2 30. Rxc2 Bxf1 31. Kxf1 Nhg6 32. Ba3 Bf8 33. d6 Rd8 34. Nc4
Ne6 35. Nxe6 fxe6 36. Rb2 Rd7 37. Na5 b5 38. Rd2 Kf7 39. Nc6 Kf6 40. Nb8 Rd8
41. Nc6 Rd7 42. g3 Nh8 43. Bb4 Nf7 44. Nb8 Rd8 45. Nc6 Rd7 46. Nb8 Rd8 47. Nc6
1/2-1/2

[Event "FIDE Open World Blitz 2021"]
[Site "Warsaw"]
[Date "2021.12.30"]
[Round "19.16"]
[White "Ponkratov, Pavel"]
[Black "Gumularz, Szymon"]
[Result "1-0"]
[WhiteElo "2662"]
[BlackElo "2396"]
[Annotator "ChessBase"]
[PlyCount "111"]
[EventDate "2021.12.29"]
[EventType "swiss"]
[EventCountry "POL"]
[Tiebreak "Cut1 Buchholz"]
[SourceTitle "playchess.com"]
[Source "ChessBase"]
[SourceQuality "1"]

1. g3 Nf6 2. Bg2 g6 3. Nf3 Bg7 4. O-O O-O 5. c4 d6 6. d4 Nbd7 7. Nc3 e5 8. e4
Re8 9. h3 b6 10. d5 Nc5 11. Ne1 a5 12. b3 Rf8 13. Rb1 Ne8 14. Nc2 f5 15. exf5
gxf5 16. a3 a4 17. b4 Nb3 18. Bb2 f4 19. Ne4 Bf5 20. g4 Bd7 21. Qd3 Nf6 22.
Nxf6+ Qxf6 23. Be4 Qh4 24. Ne1 h5 25. Ng2 Qg5 26. f3 hxg4 27. hxg4 Bf6 28. Kf2
Kg7 29. Rh1 Rh8 30. Bc3 Rae8 31. Rbg1 Nd4 32. Ke1 Rxh1 33. Rxh1 Rh8 34. Rxh8
Kxh8 35. Bxd4 exd4 36. Kd2 Qh6 37. Ne1 Qh2+ 38. Qe2 Qg1 39. Kc2 Kg7 40. Bd3 Qe3
41. Ng2 Qe5 42. Qe4 Qxe4 43. Bxe4 Be5 44. Ne1 Kf6 45. Nd3 Be8 46. Kd2 Kg5 47.
Nc1 Kh4 48. Kd3 Kg3 49. Ne2+ Kf2 50. Nxd4 Bd7 51. g5 Kg3 52. g6 Kh4 53. Ne6 c5
54. g7 Bxe6 55. dxe6 Bxg7 56. e7 1-0

[Event "FIDE Open World Blitz 2021"]
[Site "Warsaw"]
[Date "2021.12.30"]
[Round "19.17"]
[White "Sanal, Vahap"]
[Black "Dreev, Aleksey"]
[Result "0-1"]
[WhiteElo "2590"]
[BlackElo "2635"]
[Annotator "ChessBase"]
[PlyCount "228"]
[EventDate "2021.12.29"]
[EventType "swiss"]
[EventCountry "POL"]
[Tiebreak "Cut1 Buchholz"]
[SourceTitle "playchess.com"]
[Source "ChessBase"]
[SourceQuality "1"]

1. e4 c6 2. Nf3 d5 3. d3 dxe4 4. dxe4 Qxd1+ 5. Kxd1 Nd7 6. Nbd2 g6 7. Ne1 Nc5
8. Nd3 Nxd3 9. Bxd3 Nf6 10. Nc4 Bg7 11. a4 Be6 12. f3 Nd7 13. Ke2 Nc5 14. Be3
Nxd3 15. cxd3 b6 16. Rhc1 c5 17. Rc2 Kd7 18. a5 Bxc4 19. Rxc4 Rhc8 20. Ra2 Be5
21. h3 Bd6 22. b3 Rab8 23. axb6 axb6 24. Rca4 Rb7 25. d4 cxd4 26. Bxd4 b5 27.
Ra6 Rbc7 28. Kd3 e5 29. Ba1 Rc1 30. Rd2 Bb4 31. Rda2 Bd6 32. Ra7+ R8c7 33.
Rxc7+ Bxc7 34. Bc3 Bd6 35. Ra7+ Ke6 36. Ra6 Kd7 37. Rb6 Rd1+ 38. Ke2 Rg1 39. g4
Rg2+ 40. Kd3 Rf2 41. Rb7+ Ke6 42. Rxb5 Rxf3+ 43. Kc4 Re3 44. Rb6 Rxe4+ 45. Kd3
Rf4 46. b4 e4+ 47. Ke3 Rf3+ 48. Kd4 Rd3+ 49. Kc4 Rd1 50. Bd4 Rc1+ 51. Kb3 Kd5
52. Be3 Re1 53. Rb5+ Kc6 54. Rb6+ Kc7 55. Bd4 e3 56. Kc2 e2 57. Kd2 Rd1+ 58.
Kxe2 Rxd4 59. Ra6 Rxb4 60. Ra8 Rb2+ 61. Kf1 Kd7 62. Rh8 Ke7 63. Rxh7 Kf6 64. h4
Rb4 65. g5+ Ke6 66. Kg2 Rb2+ 67. Kf3 Rb3+ 68. Kf2 Rh3 69. Kg2 Rg3+ 70. Kf2 Rg4
71. Kf3 Rf4+ 72. Ke3 Be5 73. h5 Rg4 74. hxg6 fxg6 75. Rb7 Rxg5 76. Kf3 Kf5 77.
Rf7+ Bf6 78. Rb7 Rg1 79. Rb5+ Be5 80. Rb7 Rg3+ 81. Kf2 Rc3 82. Rf7+ Bf6 83. Rb7
g5 84. Rb8 g4 85. Rf8 Ra3 86. Kg2 Kg5 87. Kf2 Ra2+ 88. Kg1 Bd4+ 89. Kh1 Rf2 90.
Rg8+ Kh4 91. Rd8 Rf4 92. Kg2 Rf2+ 93. Kg1 Rf4+ 94. Kg2 Bf6 95. Rf8 Kg5 96. Rb8
Re4 97. Rb5+ Re5 98. Rb8 Re2+ 99. Kf1 Rb2 100. Rf8 g3 101. Rg8+ Kf4 102. Rf8
Kf5 103. Kg1 Rd2 104. Kh1 Rh2+ 105. Kg1 Rc2 106. Kh1 Kg6 107. Rg8+ Bg7 108. Rd8
Kh5 109. Rd6 Re2 110. Kg1 Be5 111. Rd8 Kg4 112. Rd3 Bf4 113. Rd8 Rd2 114. Re8
Kf3 0-1

[Event "FIDE Open World Blitz 2021"]
[Site "Warsaw"]
[Date "2021.12.30"]
[Round "19.17"]
[White "Holm, Kristian Stuvik"]
[Black "Demchenko, Anton"]
[Result "0-1"]
[WhiteElo "2471"]
[BlackElo "2655"]
[Annotator "ChessBase"]
[PlyCount "150"]
[EventDate "2021.12.29"]
[EventType "swiss"]
[EventCountry "POL"]
[Tiebreak "Cut1 Buchholz"]
[SourceTitle "playchess.com"]
[Source "ChessBase"]
[SourceQuality "1"]

1. d4 Nf6 2. c4 g6 3. Nc3 Bg7 4. e4 d6 5. Be2 Nbd7 6. Nf3 e5 7. O-O O-O 8. Be3
c6 9. Qc2 Ng4 10. Bg5 f6 11. Bh4 Kh8 12. Rad1 Nh6 13. dxe5 dxe5 14. Nxe5 Qe7
15. Nxd7 Bxd7 16. Bg3 Nf7 17. f4 Rae8 18. Kh1 Bc8 19. Bf3 h5 20. f5 Ne5 21.
fxg6 Qc5 22. b3 Rd8 23. Rxd8 Rxd8 24. Rd1 Re8 25. Bf2 Qa5 26. Bxh5 Nxc4 27. Bf3
Ne5 28. Na4 Nxf3 29. gxf3 Qh5 30. Qe2 b6 31. Rg1 f5 32. Qd3 fxe4 33. fxe4 Bg4
34. Rg3 Be2 35. Qe3 Kg8 36. Nc3 Ba6 37. Qf3 Qxf3+ 38. Rxf3 Re6 39. Rg3 Be5 40.
Rf3 Rxg6 41. Bg3 Bd4 42. Bf2 Bg7 43. Re3 Bd4 44. Rf3 Bg7 45. Bg3 Bb7 46. Ne2 c5
47. Nf4 Bxe4 48. Nxg6 Bxf3+ 49. Kg1 Be4 50. Ne7+ Kf7 51. Nc8 Bb1 52. Nxa7 Bxa2
53. Nc8 b5 54. Nd6+ Ke6 55. Nxb5 Bxb3 56. Bf2 Kd5 57. Nc7+ Kc6 58. Na6 c4 59.
Nb4+ Kb5 60. Nd5 Kc6 61. Nb4+ Kd6 62. Kf1 Bc3 63. Be1 Bd4 64. Bf2 Bf6 65. Ke2
Ba4 66. Be3 Bb5 67. Kd1 Ke5 68. Kc1 Ke4 69. Nc2 c3 70. Bh6 Ba4 71. Na3 Kd3 72.
Bf4 Be7 73. Nb1 c2 74. Be5 Bc5 75. Bb2 Bb3 0-1

[Event "FIDE Open World Blitz 2021"]
[Site "Warsaw"]
[Date "2021.12.30"]
[Round "19.18"]
[White "Michalik, Peter"]
[Black "Mamedov, Rauf"]
[Result "0-1"]
[WhiteElo "2605"]
[BlackElo "2673"]
[Annotator "ChessBase"]
[PlyCount "114"]
[EventDate "2021.12.29"]
[EventType "swiss"]
[EventCountry "POL"]
[Tiebreak "Cut1 Buchholz"]
[SourceTitle "playchess.com"]
[Source "ChessBase"]
[SourceQuality "1"]

1. e4 c5 2. Nf3 Nc6 3. Bb5 g6 4. Bxc6 dxc6 5. d3 Bg7 6. h3 Nf6 7. Be3 Nxe4 8.
c3 Nf6 9. Bxc5 b6 10. Bd4 c5 11. Be5 O-O 12. Qe2 Ba6 13. c4 Qd7 14. Nc3 Rad8
15. Rd1 Bb7 16. O-O Qf5 17. Rfe1 Bxf3 18. Qxf3 Qxf3 19. gxf3 e6 20. d4 cxd4 21.
Bxd4 Nh5 22. Bxg7 Kxg7 23. Kh2 Kf6 24. b4 Nf4 25. c5 bxc5 26. Ne4+ Ke7 27. Nxc5
Rd5 28. Rxd5 Nxd5 29. a3 Rc8 30. Rc1 g5 31. Kg3 h5 32. h4 Rg8 33. Ne4 gxh4+ 34.
Kxh4 Rg2 35. Rc8 f5 36. Ng5 Nf4 37. Ra8 Kf6 38. Rf8+ Kg7 39. Ra8 Ng6+ 40. Kh3
Rxg5 41. Rxa7+ Kf6 42. b5 Nf4+ 43. Kh4 Rg1 44. b6 Rb1 45. b7 Ng6+ 46. Kh3 Ne5
47. a4 Nc6 48. Ra6 Nd8 49. Ra8 Nxb7 50. a5 Ra1 51. a6 Nd6 52. a7 Nf7 53. Kh4
Kg7 54. f4 Kf6 55. Kg3 Ra4 56. Kh3 Kg7 57. Kg3 Nd6 0-1

[Event "FIDE Open World Blitz 2021"]
[Site "Warsaw"]
[Date "2021.12.30"]
[Round "19.18"]
[White "Carlsson, Pontus"]
[Black "Kosakowski, Jakub"]
[Result "0-1"]
[WhiteElo "2457"]
[BlackElo "2340"]
[Annotator "ChessBase"]
[PlyCount "140"]
[EventDate "2021.12.29"]
[EventType "swiss"]
[EventCountry "POL"]
[Tiebreak "Cut1 Buchholz"]
[SourceTitle "playchess.com"]
[Source "ChessBase"]
[SourceQuality "1"]

1. e4 c5 2. Nf3 d6 3. Bb5+ Nd7 4. d4 cxd4 5. Qxd4 a6 6. Bxd7+ Bxd7 7. c4 e5 8.
Qd3 b5 9. Nc3 bxc4 10. Qxc4 h6 11. Nd5 Rc8 12. Qxa6 Nf6 13. Nc3 Be7 14. O-O O-O
15. Rd1 Qc7 16. Qe2 Qb7 17. Nd2 Be6 18. Nf1 d5 19. exd5 Nxd5 20. Nxd5 Bxd5 21.
Ne3 Be6 22. b3 f5 23. Bb2 f4 24. Nc4 Bxc4 25. bxc4 e4 26. Rab1 Qc6 27. Rd4 e3
28. Qf3 exf2+ 29. Kf1 Qa4 30. Qd5+ Kh8 31. Qe6 Qxa2 32. Rdd1 Qxc4+ 33. Qxc4
Rxc4 34. Rd7 Bf6 35. Bxf6 Rxf6 36. Rb8+ Kh7 37. Kxf2 Rc2+ 38. Kf3 Rc3+ 39. Kf2
f3 40. gxf3 Rcxf3+ 41. Kg2 Rf2+ 42. Kg1 Rf1+ 43. Kg2 R1f2+ 44. Kg1 R2f5 45. Rd2
Rg5+ 46. Rg2 Ra5 47. Re2 Ra1+ 48. Kg2 Rg6+ 49. Kf2 Rh1 50. Kf3 Rf1+ 51. Ke3
Re6+ 52. Kd2 Rxe2+ 53. Kxe2 Rh1 54. Kf3 Rxh2 55. Kg3 Ra2 56. Rb6 Ra4 57. Rc6 h5
58. Kh3 g6 59. Rc8 Kh6 60. Rc5 Ra3+ 61. Kh2 h4 62. Kg2 g5 63. Kh2 Kh5 64. Kg2
Ra2+ 65. Kg1 h3 66. Rc4 g4 67. Rc3 Kh4 68. Kh1 Ra1+ 69. Kh2 g3+ 70. Rxg3 Ra2+
0-1

[Event "FIDE Open World Blitz 2021"]
[Site "Warsaw"]
[Date "2021.12.30"]
[Round "19.19"]
[White "Tang, Andrew"]
[Black "Quparadze, Giga"]
[Result "0-1"]
[WhiteElo "2588"]
[BlackElo "2475"]
[Annotator "ChessBase"]
[PlyCount "96"]
[EventDate "2021.12.29"]
[EventType "swiss"]
[EventCountry "POL"]
[Tiebreak "Cut1 Buchholz"]
[SourceTitle "playchess.com"]
[Source "ChessBase"]
[SourceQuality "1"]

1. d4 Nf6 2. c4 e6 3. Nc3 Bb4 4. Qc2 Nc6 5. Nf3 d6 6. Bd2 O-O 7. a3 Bxc3 8.
Bxc3 b6 9. e3 Bb7 10. Bd3 Ne7 11. O-O Ng6 12. Rfe1 Bxf3 13. gxf3 Nh4 14. Qe2
Nd5 15. Kh1 Nxc3 16. bxc3 Qf6 17. f4 e5 18. fxe5 dxe5 19. Rg1 Rae8 20. Rg4 Qh6
21. Qf1 f5 22. Rg1 e4 23. Be2 f4 24. Qh3 f3 25. Bd1 Rf5 26. Rg4 Rh5 27. Qg3 Re7
28. Kg1 Ng2 29. c5 Rh3 30. Bb3+ Kh8 31. Rf4 Nxf4 32. Qxf4 Qxf4 33. exf4 g5 34.
f5 Kg7 35. Re1 Kf6 36. Be6 Rh4 37. cxb6 axb6 38. c4 Rg4+ 39. Kf1 Re8 40. Re3
Rd8 41. d5 Ke5 42. f6 Rh4 43. f7 Rxh2 44. Kg1 Rh6 45. a4 g4 46. c5 bxc5 47. a5
Kf4 48. a6 g3 0-1